Millennium : demoró mil años en crearse [juego] /

Guardado en:
Formato: Objeto Físico
Publicado: Argentina : Toyco, [199?]
Materias:
Etiquetas: Agregar Etiqueta
Sin Etiquetas, Sea el primero en etiquetar este registro!
LEADER 00746nrm a22001575g 4500
001 CEM.cems019430
008 130507b199?##################0###0#####d
005 20220830181629.0
245 0 0 |a Millennium :  |b demoró mil años en crearse [juego] /  |c Toyco. 
260 |a Argentina :  |b Toyco,  |c [199?] 
300 |a 1 juego (1 tablero, 30 fichas-tiempo,12 fichas-siglo, 28 cartas escritura, 6 peones, 14 cartas sorpresa, 14 cartas festejo, 2 dados, dinero) ; en caja 26 x 34 x 7 cm. + manual de instrucciones. 
500 |a Para 2 a 6 jugadores adultos objetivo: compra y venta con dinero y hechos. 
082 0 4 |a J793.9 
653 |a 1. juegos de negocios y finanzas 
653 |a 2. juegos de manejo de dinero 
859 |a CEMS  |b BIB. CEMS - Ludoteca  |h J793.9  |i T668  |p 193.99  |t Ej.1